[Event "Paris Universities-ch"]
[Site "Paris"]
[Date "2019.02.02"]
[Round "1"]
[White "Daeschler, Florian"]
[Black "Porsia, Pietro"]
[Result "1-0"]
[WhiteElo "2276"]
[BlackElo "1709"]
[PlyCount "37"]
[EventDate "2019.02.01"]
[EventType "swiss"]
[EventRounds "9"]
[EventCountry "FRA"]
[SourceTitle "CBM 188 Extra"]
[Source "ChessBase"]
[SourceDate "2019.02.26"]
[SourceVersion "1"]
[SourceVersionDate "2019.02.26"]
[SourceQuality "1"]

1. d4 d5 2. c4 e6 3. Nf3 Nf6 4. g3 Be7 5. Bg2 c6 6. Qc2 Nbd7 7. 0-0 0-0 8. Nbd2 b6 9. e4 dxe4 10. Nxe4 Bb7 11. Rd1 Qe8 12. Ne5 Nxe5 13. dxe5 Nxe4 14. Bxe4 h6 15. Be3 Qb8 16. Rd7 Re8 17. Rad1 Bc8 18. Rxe7 Rxe7 19. Rd8+ 1-0

[Event "Porticcio op 2nd"]
[Site "Grosseto Prugna"]
[Date "2015.06.27"]
[Round "1"]
[White "Porsia, Pietro"]
[Black "Iordachescu, Viorel"]
[Result "0-1"]
[WhiteElo "1544"]
[BlackElo "2588"]
[PlyCount "43"]
[EventDate "2015.06.27"]
[EventType "swiss"]
[EventRounds "9"]
[EventCountry "FRA"]
[SourceTitle "CBM 167 Extra"]
[Source "ChessBase"]
[SourceDate "2015.09.14"]
[SourceVersion "1"]
[SourceVersionDate "2015.09.14"]
[SourceQuality "1"]

1. d4 d5 2. c4 e6 3. Nf3 Nc6 4. Nc3 Nf6 5. Bg5 Be7 6. e3 h6 7. Bh4 0-0 8. a3 b6 9. Bd3 dxc4 10. Bxc4 Nd5 11. Bg3 Nxc3 12. bxc3 Bb7 13. 0-0 Re8 14. Bb5 a6 15. Ba4 b5 16. Bc2 Bf6 17. a4 e5 18. axb5 axb5 19. Qd3 g6 20. Qxb5 Qc8 21. Be4 Re6 22. d5 0-1

[Event "Corsica Masters op 18th"]
[Site "Bastia"]
[Date "2014.10.18"]
[Round "1"]
[White "Saric, Ivan"]
[Black "Porsia, Pietro"]
[Result "1-0"]
[WhiteElo "2678"]
[BlackElo "1566"]
[PlyCount "85"]
[EventDate "2014.10.18"]
[EventType "swiss"]
[EventRounds "9"]
[EventCountry "FRA"]
[SourceTitle "EXT 2015"]
[Source "ChessBase"]
[SourceDate "2014.11.20"]
[SourceVersion "1"]
[SourceVersionDate "2014.11.20"]
[SourceQuality "1"]

1. e4 e5 2. Nf3 Nc6 3. Bc4 d6 4. 0-0 Nf6 5. Ng5 d5 6. exd5 Nxd5 7. Nxf7 Kxf7 8. Qf3+ Qf6 9. Bxd5+ Be6 10. Bxe6+ Kxe6 11. Qb3+ Kd7 12. Nc3 Bd6 13. d3 b6 14. Be3 Rhe8 15. Ne4 Qe6 16. Qa4 Rab8 17. c4 Be7 18. Rfd1 Kc8 19. a3 Nd4 20. Bxd4 exd4 21. Qxa7 Qc6 22. Qa6+ Kd7 23. a4 Ra8 24. Qb5 Qxb5 25. axb5 c6 26. bxc6+ Kxc6 27. g3 Ra5 28. Kg2 Rea8 29. Rab1 b5 30. cxb5+ Rxb5 31. Rdc1+ Kd7 32. Rc4 Rb4 33. Rbc1 Rab8 34. Rxb4 Rxb4 35. Rc4 Rxc4 36. dxc4 Bb4 37. Kf3 Ke6 38. Ke2 Ba5 39. Kd3 Bc7 40. b4 Be5 41. f4 Bf6 42. Nxf6 gxf6 43. Kxd4 1-0

[Event "Calvi Balagne rapid KO 12th"]
[Site "Calvi"]
[Date "2014.05.24"]
[Round "2.3"]
[White "Porsia, Pietro"]
[Black "Van Wely, Loek"]
[Result "0-1"]
[WhiteElo "1643"]
[BlackElo "2653"]
[PlyCount "86"]
[EventDate "2015.05.24"]
[EventType "k.o. (rapid)"]
[EventRounds "14"]
[EventCountry "FRA"]
[SourceTitle "EXT 2016"]
[Source "ChessBase"]
[SourceDate "2015.10.08"]
[SourceVersion "1"]
[SourceVersionDate "2015.10.08"]
[SourceQuality "1"]

1. e4 c5 2. Nf3 e6 3. c3 Nf6 4. e5 Nd5 5. d4 cxd4 6. cxd4 b6 7. Nc3 Nxc3 8. bxc3 Qc7 9. Bd2 d6 10. Bb5+ Nd7 11. 0-0 a6 12. exd6 Bxd6 13. Ba4 b5 14. Bb3 0-0 15. h3 Bb7 16. Ng5 h6 17. Nf3 Nb6 18. Rc1 Nc4 19. Re1 Bxf3 20. gxf3 Nxd2 21. Qxd2 Bf4 22. Qd3 Bxc1 23. Rxc1 Rac8 24. Bc2 g6 25. Bb1 Rfd8 26. Qe3 Kg7 27. Kh1 b4 28. c4 Qd6 29. Rd1 Rxc4 30. d5 exd5 31. Bd3 Rh4 32. Kg2 Qe6 33. Qxe6 fxe6 34. Kg3 Rd4 35. f4 Rf8 36. Be2 Rxd1 37. Bxd1 Rc8 38. Bb3 Rc3+ 39. Kg2 Kf6 40. f3 a5 41. Kg3 d4 42. Kg4 Rxb3 43. axb3 d3 0-1

[Event "Corsica Masters op 16th"]
[Site "Bastia"]
[Date "2012.10.27"]
[Round "1"]
[White "Flom, Gabriel"]
[Black "Porsia, Pietro"]
[Result "1-0"]
[WhiteElo "2434"]
[BlackElo "1605"]
[PlyCount "77"]
[EventDate "2012.10.27"]
[EventType "swiss (rapid)"]
[EventRounds "9"]
[EventCountry "FRA"]
[SourceTitle "EXT 2013"]
[Source "ChessBase"]
[SourceDate "2012.11.22"]
[SourceVersion "1"]
[SourceVersionDate "2012.11.22"]
[SourceQuality "1"]

1. d4 d5 2. c4 dxc4 3. e4 e5 4. Nf3 exd4 5. Bxc4 Bg4 6. 0-0 Nc6 7. Qb3 Qe7 8. Qxb7 Rd8 9. Qxc6+ Qd7 10. Qxd7+ Rxd7 11. Ne5 Be6 12. Bxe6 fxe6 13. Nxd7 Kxd7 14. Rd1 Bc5 15. b4 Bb6 16. a4 a6 17. Bb2 e5 18. Nd2 Nf6 19. Nc4 Ke6 20. Nxb6 cxb6 21. f3 Rd8 22. Rac1 Rd6 23. b5 a5 24. Ba3 Rd7 25. Rc6+ Kf7 26. Rxb6 d3 27. Rc6 Nh5 28. Rd6 Rb7 29. R6xd3 Nf4 30. Rd7+ Rxd7 31. Rxd7+ Kf6 32. b6 Ke6 33. Rd6+ Ke7 34. b7 Kf7 35. b8Q Ng6 36. Qc7+ Ne7 37. Rb6 g5 38. Qxe7+ Kg8 39. Rb8# 1-0